000 00346nam a2200157Ia 4500
008 230605s1986 xx 000 0 und d
041 _aeng
100 _aJay J
245 _aModern Food Microbiology
250 _a3rd
260 _bC.B.S.Publication
_c1986
300 _a642p
520 _aGeneral
520 _aHard Board
650 _aC.S.
999 _c419640
_d419640